Les capitales les plus devinées dans "Les capitales les plus devinées de Jetpunk" - Statistiques

Statistiques générales
  • Ce quiz a été pris 1 027 fois
  • Le résultat moyen est 8 sur 10
Statistiques - réponses
% Réponse % Correct
96 Paris
100%
94 Madrid
96%
90 Londres
95%
93 Rome
95%
95 Berlin
93%
89 Moscou
87%
91 Bruxelles
83%
89 Lisbonne
80%
88 Athènes
58%
87 Luxembourg
44%
Aucun quiz correspondant
Distribution des résultats
% des personnes avec chaque résultat
Percentile par nombre de réponses
Votre historique - résultats
Vous n’avez pas pris ce quiz